Lyrics Editors - Papillon - Statistics

General Stats
  • This quiz has been taken 7 times
  • The average score is 78 of 127
Answer Stats
Answer % Correct
a
100%
my
100%
My
100%
own
100%
papillon
100%
to
100%
you
100%
You
100%
your
100%
escape
83%
fast
83%
It
83%
it
83%
our
83%
the
83%
too
83%
you're
83%
before
67%
by
67%
feel
67%
god
67%
hand
67%
He'd
67%
here
67%
If
67%
kicks
67%
life
67%
like
67%
love
67%
Make
67%
No
67%
now
67%
really
67%
sleep
67%
there
67%
turn
67%
twitch
67%
when
67%
achieve
50%
But
50%
could
50%
die
50%
don't
50%
doubt
50%
find
50%
it's
50%
just
50%
leave
50%
me
50%
of
50%
out
50%
sense
50%
somehow
50%
was
50%
way
50%
Well
50%
We'll
50%
what
50%
will
50%
wish
50%
air
33%
and
33%
born
33%
breathe
33%
choke
33%
Choke
33%
Darling
33%
dear
33%
down
33%
enough
33%
for
33%
found
33%
get
33%
guns
33%
have
33%
home
33%
I've
33%
old
33%
on
33%
put
33%
quite
33%
raised
33%
that's
33%
were
33%
where
33%
yet
33%
dark
17%
seen
17%
try
17%
Won't
17%
No matching quizzes found
Score Distribution
Percent of People with Each Score
Percentile by Number Answered
Your Score History
You have not taken this quiz